Magnesia Binder Preparation from Local Natural and Technogenic Raw Materials; Procedia Chemistry; Vol. 10 : Chemistry and Chemical Engineering in XXI century
| Parent link: | Procedia Chemistry Vol. 10 : Chemistry and Chemical Engineering in XXI century.— 2014.— [P. 310-313] |
|---|---|
| Institution som forfatter: | |
| Andre forfattere: | , , , |
| Summary: | Title screen The preparation of magnesia binders based on natural and technogenic mineral was the result of the research. The obtained magnesia binders possess the increased flexural and compressive strength which values are close to ones of natural materials. High flexural and compression strengths are associated with the features of the hardened caustic dolomite containing magnesium oxyhydrochlorides which crystallize as a fiber. The fibrous crystals not only increase the cement strength, but also act as a reinforcing material. The resulting magnesia binder does not require a moist environment at hardening. It is characterized by decorativeness and ecological compatibility, has a neutral hardening product composition. Режим доступа: по договору с организацией-держателем ресурса |
| Sprog: | engelsk |
| Udgivet: |
2014
|
| Fag: | |
| Online adgang: | http://dx.doi.org/10.1016/j.proche.2014.10.052 http://earchive.tpu.ru/handle/11683/35512 |
| Format: | MixedMaterials Electronisk Book Chapter |
| KOHA link: | https://koha.lib.tpu.ru/cgi-bin/koha/opac-detail.pl?biblionumber=639511 |
MARC
| LEADER | 00000nla2a2200000 4500 | ||
|---|---|---|---|
| 001 | 639511 | ||
| 005 | 20231101134052.0 | ||
| 035 | |a (RuTPU)RU\TPU\network\3998 | ||
| 035 | |a RU\TPU\network\3997 | ||
| 090 | |a 639511 | ||
| 100 | |a 20150316a2014 k y0engy50 ba | ||
| 101 | 0 | |a eng | |
| 105 | |a y z 100zy | ||
| 135 | |a drcn ---uucaa | ||
| 181 | 0 | |a i | |
| 182 | 0 | |a b | |
| 200 | 1 | |a Magnesia Binder Preparation from Local Natural and Technogenic Raw Materials |f S. V. Erdma [et al.] | |
| 203 | |a Text |c electronic | ||
| 300 | |a Title screen | ||
| 320 | |a [References: р. 313 (9 tit.)] | ||
| 330 | |a The preparation of magnesia binders based on natural and technogenic mineral was the result of the research. The obtained magnesia binders possess the increased flexural and compressive strength which values are close to ones of natural materials. High flexural and compression strengths are associated with the features of the hardened caustic dolomite containing magnesium oxyhydrochlorides which crystallize as a fiber. The fibrous crystals not only increase the cement strength, but also act as a reinforcing material. The resulting magnesia binder does not require a moist environment at hardening. It is characterized by decorativeness and ecological compatibility, has a neutral hardening product composition. | ||
| 333 | |a Режим доступа: по договору с организацией-держателем ресурса | ||
| 461 | 0 | |0 (RuTPU)RU\TPU\network\3889 |t Procedia Chemistry | |
| 463 | 0 | |0 (RuTPU)RU\TPU\network\3890 |t Vol. 10 : Chemistry and Chemical Engineering in XXI century |o XV International Scientific Conference dedicated to Professor L. P. Kulyov, 26-29 May 2014, Tomsk, Russia |f National Research Tomsk Polytechnic University (TPU) |v [P. 310-313] |d 2014 | |
| 610 | 1 | |a электронный ресурс | |
| 610 | 1 | |a труды учёных ТПУ | |
| 610 | 1 | |a природное сырье | |
| 610 | 1 | |a техногенное сырье | |
| 610 | 1 | |a доломиты | |
| 610 | 1 | |a полиметаллические руды | |
| 610 | 1 | |a обжиг | |
| 610 | 1 | |a упрочнение | |
| 610 | 1 | |a бишофит | |
| 610 | 1 | |a структуры | |
| 610 | 1 | |a dolomite | |
| 610 | 1 | |a tailings of polymetallic ores | |
| 610 | 1 | |a calcination | |
| 610 | 1 | |a hardening | |
| 610 | 1 | |a bischofite | |
| 610 | 1 | |a structure | |
| 701 | 1 | |a Erdman |b S. V. |c chemical-technologist |c Associate Professor of Tomsk Polytechnic University, Candidate of technical sciences |f 1966- |g Svetlana Vladimirovna |2 stltpush |3 (RuTPU)RU\TPU\pers\33897 | |
| 701 | 1 | |a Gapparova |b K. M. | |
| 701 | 1 | |a Khudyakova |b T. M. | |
| 701 | 1 | |a Tomshina |b A. V. | |
| 712 | 0 | 2 | |a Национальный исследовательский Томский политехнический университет (ТПУ) |b Институт природных ресурсов (ИПР) |b Кафедра общей химической технологии (ОХТ) |h 100 |2 stltpush |3 (RuTPU)RU\TPU\col\18654 |
| 801 | 2 | |a RU |b 63413507 |c 20161228 |g RCR | |
| 856 | 4 | |u http://dx.doi.org/10.1016/j.proche.2014.10.052 | |
| 856 | 4 | |u http://earchive.tpu.ru/handle/11683/35512 | |
| 942 | |c CF | ||